Linguistics : The Cambridge Survey. Volume II, LInguistics theory : Extensions and implications /
Đã lưu trong:
| Údar Corparáideach: | |
|---|---|
| Formáid: | Sách giấy |
| Teanga: | Vietnamese |
| Foilsithe: |
New York :
Cambridge University Press,
c1990
|
| Clibeanna: |
Cuir Clib Leis
Gan Chlibeanna, Bí ar an gcéad duine leis an taifead seo a chlibeáil!
|
| Thư viện lưu trữ: | Thư viện Trường Đại học Đà Lạt |
|---|
| LEADER | 00752nam a2200277 4500 | ||
|---|---|---|---|
| 001 | DLU030022764 | ||
| 003 | ##DLU | ||
| 005 | ##20021230 | ||
| 008 | ##021230t vn z000 vie d | ||
| 040 | # | # | |a DLU |b vie |
| 041 | # | # | |a vie |
| 044 | # | # | |a vn |
| 082 | # | # | |a 410 |b Lin |
| 245 | # | # | |a Linguistics : |b The Cambridge Survey. |n Volume II, LInguistics theory : Extensions and implications / |c Edited by Frederick J. Newmeyer |
| 260 | # | # | |a New York : |b Cambridge University Press, |c c1990 |
| 300 | # | # | |a 320 tr. ; |c 24 cm |
| 710 | # | # | |a Newmeyer,Frederick J. |e Edited |
| 992 | # | # | |a 0 |
| 994 | # | # | |a DLU |
| 900 | # | # | |a True |
| 911 | # | # | |a Nguyễn An Thanh |
| 925 | # | # | |a G |
| 926 | # | # | |a A |
| 927 | # | # | |a SH |
| 980 | # | # | |a Thư viện Trường Đại học Đà Lạt |